000 00335nam a2200121Ia 4500
008 220901s9999||||xx |||||||||||||| ||und||
082 _a624.1834 KAN
100 _aKandasami, Sivakumar
245 4 _aThe indian concrete journal
250 _aVol. 92 & Issue No. 1, 2 & 3
260 _bACC Limited
_c2018
650 _aConcrete technology
999 _c193893
_d193893